Statistics for Top 10 Liverpool scorers

Click here to take the quiz!

General Stats

  • This quiz has been taken 52 times
  • The average score is 5 of 10

Answer Stats

HintAnswer% Correct
186Gerrard
92%
346Rush
88%
183Fowler
82%
158Owen
80%
172Dalglish
67%
286Hunt
39%
228Liddell
18%
241Hodgson
10%
151Chambers
2%
130Parkinson
2%

Score Distribution

Percentile by Number Answered

Percent of People with Each Score

Your Score History

You have not taken this quiz